графини Адлерберг Е. На фр. яз.

RUSMARC
00005345nac2a22003733x 450
001a3e540b8-1068-4ee0-bd97-81c9961874b9
00520250723004635.0
100##$a20250616l1872 k y0rusy50 ca
1010#$afre
$arus
102##$aRU
105##$ay z |||||
1220#$ad18721231
2001#$aграфини Адлерберг Е. На фр. яз.
$j[18--]
215##$a110 листов
$d32 х 23
251##$cДело
300##$aЗаголовок дела на папке: Письма графини Е. Адлерберг на франц. яз.
300##$aНа папке дела: 46 писем на 110 листах
300##$aТекст на французском языке
300##$aЧасть текста на русском языке
300##$aЛисты: 110 листов, в том числе: литерные номера листов 17а, 17б
300##$aРукописный текст
330##$aВходит в раздел описи: Письма родственников графа Фредро и частных лиц
461#0$100199c1118b-cf0b-4e28-a441-939e81ff22f9
$12001
$aФредро Феликс Максимилиан (Максимилиан Максимилианович), граф, чиновник особых поручений, статс-секретарь при главном начальнике Собственной его Императорского Величества канцелярии по делам Царства Польского, камер-юнкер, коллежский советник
$1251
$cФонд
$1852
$j695
462#0$1001789e8a9a-7a8f-4d67-8b5c-460132ae2cc8
$12001
$aОпись дел фонда М. М.Фредро за 1754-1872 гг.
$vД. 75
$1251
$cОпись
$1852
$j1
5171#$aПисьма графини Е. Адлерберг на франц. яз.
600#1$aАдлерберг
$bЕ.
$cграфиня
605##$3DITM\AF\0000004166
$aРоссия в лицах
$lколлекция
$2acquisition_prlib
605##$3DITM\AF\0000003834
$aНарод
$lколлекция
$2acquisition_prlib
6101#$aПисьма
$aГрафиня
686##$a63.3(2)52ю1
$cИстория
$2rubbk
700#1$aАдлерберг
$bЕ.
$cграфиня
801#0$aRU
$bGA_RF
801#1$aRU
$bГлавНИВЦ
$c20250616
$2rusmarc
801#2$aRU
$bПБ им. Б.Н. Ельцина
$c20250723
$gRCR
$2rusmarc
852##$aГА РФ
$j75
937##$d197559775
$hГАРФ
035##$aRuPRLIB51079164
856##$uhttp://readingroom.main.prlib.ru/item.aspx?id_node=n197559775&mode=full
Формат отображения